000 00605nam a2200229Ia 4500
003 OSt
005 20220928120056.0
006 a|||||r|||| 00| 0
007 ta
008 220927b |||||||| |||| 00| 0 eng d
024 _a29433
037 _cTextual
040 _aSDCL
_cSDCL
_beng
041 _2eng
_aeng
082 _aO15,3;gx, N7
100 _aTripathi Bhaskaracharya
_9447466
245 0 _aSanskrit jeevanam.
260 _aDelhi
_bNag Prakashak
_c1997
300 _axii,133p
_ccm.
942 _hO15,3;gx, N7
_cTEXL
_2CC
999 _c762138
_d762138